000
00254nam a22000977a 4500
999
_c
11723
_d
11723
008
200110b ||||| |||| 00| 0 eng d
020
_a
0570060699
100
_a
Allan
_9
3820
245
_a
The Little Mouse's Wonderful Journey
260
_a
USA
_b
Arch Books
_c
1972